Statistics for CHS Geography GCSE. Coastal Landforms

Click here to take the quiz!

General Stats

  • This quiz has been taken 117 times
  • The average score is 8 of 16

Answer Stats

Answer % Correct
Cave
75%
Stack
75%
Bay
73%
Arch
73%
Headland
71%
Stump
70%
Cliff
69%
Beach
69%
Spit
67%
Bar
47%
Wave Cut platform
45%
Wave Cut Notch
33%
Fault
30%
Tombolo
27%
Salt Marsh
20%
Berms
2%

Score Distribution

Percentile by Number Answered

Percent of People with Each Score

Your Score History

You have not taken this quiz